Les villes les plus peuplées du Maine-et-Loire - Statistiques

Statistiques générales
  • Ce quiz a été pris 402 fois
  • Le résultat moyen est 9 sur 20
Statistiques - réponses
Population Ville % Correct
151 322 Angers
100%
54 215 Cholet
95%
29 916 Saumur
88%
6 404 Segré
68%
12 994 Avrillé
66%
11 026 Trélazé
66%
4 869 Beaucouzé
62%
6 182 Chemillé
48%
6 155 Bouchemaine
47%
11 391 Les Ponts-de-Cé
47%
6 217 Beaupréau
40%
7 448 Doué-la-Fontaine
35%
6 669 Montreuil-Juigné
29%
5 122 Mûrs-Erigné
29%
9 832 Saint-Barthélemy-d'Anjou
28%
4 541 Saint-Sylvain-d'Anjou
25%
5 592 Chalonnes-sur-Loire
21%
5 384 Beaufort-en-Vallée
19%
6 944 Longué-Jumelles
19%
5 689 Saint-Macaire-en-Mauges
14%
Aucun quiz correspondant
Distribution des résultats
% des personnes avec chaque résultat
Percentile par nombre de réponses
Votre historique - résultats
Vous n’avez pas pris ce quiz